banner-ar

كوهين و صدام و الصباح فى الصعيد : (Record no. 61617)

MARC details
000 -الفاتح
حقل البيانات ثابتة الطول 00986nam a22002177a 4500
005 - وقت وتاريخ اخر تعامل مع التسجيلة
رقم الضبط 20240530110508.0
008 - عناصر البيانات ثابتة الطول - معلومات عامة
حقل البيانات ثابتة الطول 151024s2010 ua ao g 000 p ara d
017 ## - رقم الايداع القانونى
رقم الايداع القانونى 2010/43835
المصدر ( الهيئة المختصة) مصر . دار الكتب المصرية
040 ## - مصدر الفهرسة
وكالة الفهرسة الأصلية EG-CaGPL
082 04 - رقم تصنيف ديوى العشرى
رقم الطبعة 21
رقم التصنيف 818.02\
رقم المادة م ك
100 0# - المدخل الرئيسى - إسم شخصى
الإسم الشخصى محمود الدسوقى .
245 10 - بيان العنوان
العنوان كوهين و صدام و الصباح فى الصعيد :
بقية العنوان كتاب كوهين مر من خلال دمغة بوستة : رحلة فى خطابات التجار اليهود : و امير عاشق فى الصعيد /
بيان المسئوليه,etc تحقيق صحفى محمود الدسوقى .
250 ## - بيان الطبعة
بيان الطبعة ط1.
260 ## - PUBLICATION, DISTRIBUTION, ETC. (IMPRINT)
تاريخ النشر أو التوزيع 2010 .
300 ## - الوصف المادى
التعداد 128 ص :
تفاصيل ماديه اخرى للوعاء ايض ؛
أبعاد الوعاء 24 سم .
600 0# - المدخل الاضافى بالموضوع-اسم شخصى
الإسم الشخصى جابر عبدالله الصباح
التقسيم الفرعي الشكلي خطابات .
650 04 - المدخل الاضافى بالموضوع-مصطلح موضوعى
مصطلح موضوعي التجارة اليهودية
التقسيم الفرعي الجغرافي مصر .
650 04 - المدخل الاضافى بالموضوع-مصطلح موضوعى
مصطلح موضوعي اليهود
التقسيم الفرعي العام الاحوال الاجتماعية
التقسيم الفرعي الجغرافي مصر .
942 ## - عناصر المدخل الإضافي( كوها)
مصدر التصنيف او مخطط الترفيف Dewey Decimal Classification
Koha [default] item type كتاب
260 ## - PUBLICATION, DISTRIBUTION, ETC. (IMPRINT)
-- القاهرة ،
Holdings
حالة التراجع حالة الفقد حالة تلف ليس للاعارة المكان المؤقت الموقع الحالى تاريخ الاكتساب اجمالي اﻻعارات رقم الطلب الباركود تاريخ اخر مشاهدة تاريخ تفعيل السعر نوع وعاء كوها
        مكتبة القاهرة الكبرى مكتبة القاهرة الكبرى 10/24/2015   818.02\ م ك 160959 10/24/2015 10/24/2015 كتاب

Powered By

EGPV